Εκκλησιάζουσαι

Saved in:
Bibliographic Details
Main Author: Αριστοφάνης, π. 450-π. 385
Other Authors: Γιοφύλλης, Φώτος, 1887-1981 (Translator), Νιρβάνας, Παύλος, 1866-1937 (Author of introduction, etc.)
Format: Book
Language:Greek
Ancient Greek
Published: Αθήνα : Μάρη, [1934].
Edition:3η αναθ. έκδ.
Subjects:
Tags: Add Tag
No Tags, Be the first to tag this record!

MARC

LEADER 00000cam a2200000 i 4500
001 1/47588
008 980630s1934 gr | ||| |||| ||gre||
035 |l 10043104 
040 |a GR-MyUA  |b gre  |e AACR2 
041 1 |a gre  |h grc 
082 0 |a 882.2  
100 0 |a Αριστοφάνης,   |d π. 450-π. 385. 
245 1 0 |a Εκκλησιάζουσαι /   |c Αριστοφάνης ; μετάφραση Φώτου Γιοφύλλη ; πρόλογος Παύλου Νιρβάνα.  
250 |a 3η αναθ. έκδ.  
260 |a Αθήνα :   |b Μάρη,   |c [1934].  
300 |a 94 σ. ;   |c 21 εκ.  
600 0 7 |2 nlgaf  |a Αριστοφάνης,   |d π. 450-π. 385. 
650 0 0 |a Greek drama (Comedy) 
700 1 |a Γιοφύλλης, Φώτος,   |d 1887-1981,  |e trl 
700 1 |a Νιρβάνας, Παύλος,   |d 1866-1937,  |e aui 
852 |a INST  |b SAMOS  |e 19980630  |h 882.2 ΑΡΙ  |p 005300011032  |q 005300011032  |t BK  |y 0 
901 |a BIBL-1998-2 
909 |a Σ  |b 051278 
922 |a 3ΕΛΗ  |b 199709  |c ΔΩΡ  |d ΠΑΡΙΑΝΟΣ